[Event "GER Seniors Derby 06th"]
[Site "Wesel Undeloh"]
[Date "2007.04.12"]
[Round "1.18"]
[White "Oletzky, Bernd"]
[Black "Kluger, Hans Peter"]
[Result "0-1"]
[WhiteElo "1441"]
[BlackElo "1758"]
[PlyCount "128"]
[EventDate "2007.04.12"]
[EventType "swiss"]
[EventRounds "7"]
[EventCountry "GER"]
[SourceTitle "EXT 2022"]
[Source "ChessBase"]
[SourceDate "2021.10.06"]
[SourceVersion "1"]
[SourceVersionDate "2021.10.06"]
[SourceQuality "1"]

1. d4 d5 2. Nf3 Nf6 3. e3 c6 4. Nbd2 Bg4 5. c4 e6 6. Qb3 Qc7 7. Ne5 Bf5 8. Ndf3 Nbd7 9. Be2 Be7 10. 0-0 0-0 11. Bd2 h6 12. Rac1 Be4 13. cxd5 exd5 14. Nxd7 Nxd7 15. Bb4 Bxb4 16. Qxb4 Rfe8 17. Nd2 Bg6 18. Bg4 Nf6 19. Bh3 Rab8 20. Qc3 Re7 21. Nf3 Ne4 22. Qa3 a6 23. b4 Qd6 24. Ne5 Bh7 25. Qb2 f6 26. Nf3 Rbe8 27. a3 h5 28. Nh4 g6 29. g3 Kf7 30. Qe2 Ng5 31. Bg2 Ne6 32. Qd1 Ng7 33. Nf3 g5 34. Qd2 Be4 35. Ne1 g4 36. Bxe4 Rxe4 37. Ng2 R4e7 38. Nh4 Qe6 39. Qd3 Qe4 40. Qxe4 Rxe4 41. Ng2 Nf5 42. Nf4 h4 43. gxh4 Nxh4 44. Ng2 Nf3+ 45. Kh1 Rh8 46. h4 Nxh4 47. Nxh4 Rxh4+ 48. Kg2 Re8 49. Rh1 Reh8 50. Rxh4 Rxh4 51. Rh1 Rxh1 52. Kxh1 Kg6 53. Kg2 Kg5 54. Kg3 Kf5 55. f3 gxf3 56. Kxf3 b5 57. Ke2 Ke4 58. Kf2 Kd3 59. Kf3 Kc3 60. Kf4 Kb3 61. e4 dxe4 62. Kxe4 Kxa3 63. Kf5 Kxb4 64. Kxf6 Kc4 0-1